Oklahoma State Football: Top 10 All-Time Leaders - Statistics

General Stats
  • This quiz has been taken 18 times
  • The average score is 21 of 60
Answer Stats
Category # Player Amount % Correct
Rushing Yards 5 Barry Sanders 3,556
93%
Passing Yards 2 Spencer Sanders 9,553
93%
Passing Yards 3 Brandon Weeden 9,260
79%
Passing Yards 1 Mason Rudolph 13,618
79%
Passing Yards 5 Mike Gundy 7,997
79%
Receiving Yards 9 Dez Bryant 2,425
71%
Passing Yards 7 Alan Bowman 5,883
64%
Rushing Yards 8 Chuba Hubbard 3,459
64%
Receiving Yards 3 Justin Blackmon 3,564
64%
Rushing Yards 6 Justice Hill 3,539
57%
Receiving Yards 1 James Washington 4,472
50%
Tackles 4 Malcolm Rodriguez 408
50%
Receiving Yards 5 Brennan Presley 3,315
43%
Interceptions 4 Gregg Johnson 13
43%
Rushing Yards 1 Thurman Thomas 4,595
43%
Receiving Yards 4 Tylan Wallace 3,434
43%
Passing Yards 4 Zac Robinson 8,317
43%
Sacks 5 Collin Oliver 23.5
36%
Sacks 4 Emmanuel Ogbah 28.0
36%
Receiving Yards 6 Hart Lee Dykes 3,171
36%
Passing Yards 6 Josh Fields 6,090
36%
Tackles 5 Leslie O'Neal 393
36%
Sacks 1 Leslie O'Neal 34.0
36%
Sacks 8 Nathan Peterson 20.5
36%
Passing Yards 10 Taylor Cornelius 4,198
36%
Interceptions 1 Bob Fenimore 18
29%
Receiving Yards 7 D'Juan Woods 2,751
29%
Receiving Yards 8 Marcell Ateman 2,466
29%
Receiving Yards 2 Rashaun Woods 4,414
29%
Interceptions T5 Rod Brown 12
29%
Interceptions T5 Adam Hinds 12
21%
Tackles T9 Andre Sexton 320
21%
Interceptions T5 Chris Rockins 12
21%
Rushing Yards 3 David Thompson 4,318
21%
Receiving Yards 10 Dillon Stoner 2,378
21%
Rushing Yards 7 Ernest Anderson 3,529
21%
Sacks 7 Gary Lewis 21.0
21%
Sacks 6 Greg Richmond 21.5
21%
Sacks 2 Jason Gildon 33.0
21%
Tackles 1 John Corker 496
21%
Interceptions T5 John Gates 12
21%
Tackles 7 John Little 332
21%
Tackles 8 Jordan Stearns 325
21%
Rushing Yards 10 Joseph Randle 3,085
21%
Interceptions T5 Justin Gilbert 12
21%
Rushing Yards 4 Kendall Hunter 4,181
21%
Sacks 9 Kevin Williams 18.5
21%
Interceptions T2 Mark Moore 16
21%
Interceptions T2 Melvin Gilliam 16
21%
Tackles 2 Mike Green 485
21%
Tackles T9 Phillip Dokes 320
21%
Tackles 3 Ricky Young 451
21%
Sacks 3 Rodney Harding 31.0
21%
Interceptions T5 Scott Harmon 12
21%
Tackles 6 Sim Drain 369
21%
Rushing Yards 9 Tatum Bell 3,409
21%
Rushing Yards 2 Terry Miller 4,582
21%
Passing Yards 8 Tone Jones 4,812
21%
Sacks 10 Victor DeGrate 17.0
21%
Passing Yards 9 Cilnt Chelf 4,227
14%
No matching quizzes found
Score Distribution
Percent of People with Each Score
Percentile by Number Answered
Your Score History
You have not taken this quiz